| 000 | 01233nam a2200385 c 4500 | ||
|---|---|---|---|
| 001 | 4790 | ||
| 003 | ES-MaCES | ||
| 005 | 20150925135623.0 | ||
| 008 | 970430s1995 sp ||| | spa d | ||
| 017 |
_aM. 7.285-1995 _bDL |
||
| 020 | _a8447004996 | ||
| 035 | _aCES19980048260m | ||
| 040 |
_aES-MaCES _bspa _cES-MaCES |
||
| 100 | 1 |
_aGómez-Iglesias Casal, Ángel _913639 |
|
| 245 | 1 | 3 |
_aLa influencia del Derecho romano en las modernas relaciones de trabajo _cAngel Gómez-Iglesias Casal |
| 250 | _a1ª ed | ||
| 260 |
_aMadrid _bCivitas _c1995 |
||
| 300 |
_a89 p. _c18 cm |
||
| 490 | 1 | _aCuadernos Cívitas | |
| 500 | _aEn la port., además: Fundación Universitaria de Jérez | ||
| 500 | _aIndices | ||
| 541 | _cCompra | ||
| 650 | 4 |
_afuentes del Derecho _929917 |
|
| 650 | 4 |
_aaplicación _929859 |
|
| 650 | 4 |
_acontrato de trabajo _928316 |
|
| 650 | 4 |
_acontratación _928323 |
|
| 650 | 4 |
_aderecho del trabajo _927165 |
|
| 653 | 1 | 0 | _aDerecho del trabajo y Seguridad Social |
| 650 | 4 |
_928369 _arelaciones laborales |
|
| 710 | 2 |
_aFundación Universitaria de Jérez _93921 |
|
| 830 | 0 |
_aCuadernos Cívitas _932152 |
|
| 902 | _aLIB Libro | ||
| 942 |
_2CES _cBK _h6.0.1. |
||
| 999 |
_c4790 _d4790 |
||